| 000 | 00814cab a2200253 4500 | ||
|---|---|---|---|
| 001 | WB2549-31 | ||
| 008 | 090401t1989 xxu||||| |||| 00| 0 eng d | ||
| 035 | _a(Sirsi) u23712 | ||
| 041 | _aeng | ||
| 245 | _aThreat to craftsmen | ||
| 260 | _c1989 | ||
| 350 | _a0 | ||
| 490 |
_aEconomist _vvol 313 no 7632, 9/12/89 p36 |
||
| 520 | _aReports on how changes in planning law which now classifies craft workshops within the business use class, is forcing traditionally based craft enterprises out of London `s West End . | ||
| 650 | _aB1 | ||
| 650 | _aLIGHT INDUSTRIAL UNITS | ||
| 650 | _aLONDON LOCAL AUTHORITIES BILL | ||
| 650 | _aSAVILE ROW | ||
| 650 | _aSOHO | ||
| 650 | _aTOWN AND COUNTRY PLANNING (USE CLASSES) ORDERS | ||
| 690 | _aPLANNING LAW AND PRACTICE | ||
| 942 | _n0 | ||
| 948 | _c04/03/1997 | ||
| 999 |
_c15876 _d15876 |
||